000 00475nam a2200181Ia 4500
003 GCL
008 140319s9999 xx 000 0 ara d
040 _aGCL /
_cGCL
082 0 4 _aد
_b050
100 1 _aطه حسين
245 1 0 _aرحلة الربيع ( اقرا 69 ) /
_cطه حسين
300 _a118 ض
490 _aوثائق ونصوص
_v0
650 0 4 _aالمذكرات
650 0 4 _aالتراجم الذاتية
650 0 4 _aطه حسين
942 _2ddc
_cCF
999 _c27244
_d27244